Vplyv vlastníctva na reštrukturalizačné zmeny

Reštrukturalizácia - pohyb zdrojov za vyššou efektívnosťou. Etapy reštrukturalizácie: reaktívna, strategická, hĺbková. Vplyv vlastníckych vzťahov na reštrukturalizačné zmeny. Na úrovni podnikov reštrukturalizačné zmeny vychádzali: v manažérsko-zamestnaneckých podnikoch - z motivácie manažérov, v pod...

Ausführliche Beschreibung

Gespeichert in:
Bibliographische Detailangaben
1. Verfasser: Zemanovičová, Daniela
Format: Buchkapitel
Sprache:Slowakisch
Schlagworte:
Tags: Tag hinzufügen
Keine Tags, Fügen Sie das erste Tag hinzu!

MARC

LEADER 00000naa a2200000 4500
001 r032529
005 20230426111623.6
041 0 |a slo 
044 |a SK 
245 1 0 |a Vplyv vlastníctva na reštrukturalizačné zmeny  |c Daniela Zemanovičová 
520 |a Reštrukturalizácia - pohyb zdrojov za vyššou efektívnosťou. Etapy reštrukturalizácie: reaktívna, strategická, hĺbková. Vplyv vlastníckych vzťahov na reštrukturalizačné zmeny. Na úrovni podnikov reštrukturalizačné zmeny vychádzali: v manažérsko-zamestnaneckých podnikoch - z motivácie manažérov, v podnikoch so zahraničnou účasťou - zmeny inicioval vlastník, v štátnych podnikoch - tlak závisel od prostredia, rozpočtových obmedzení a regulačného rámca. 
610 2 0 |a reštrukturalizácia 
610 2 0 |a zmeny štruktúrne 
610 2 0 |a vzťahy vlastnícke 
610 2 0 |a vlastníctvo 
610 2 0 |a podnik 
100 1 |a Zemanovičová, Daniela